| 000 | 00657nam a2200193 a 4500 | ||
|---|---|---|---|
| 001 | 000046655 | ||
| 005 | 20201002053025.0 | ||
| 008 | 180315s2009 dr 000 0 spa d | ||
| 020 | _a9789945906813 | ||
| 040 |
_aDO-SdBNP _bspa _cBNPHU |
||
| 082 |
_axxxx _bxxxx |
||
| 100 | 1 |
_aOrtiz V., Sergio A. _973038 |
|
| 245 | 1 | 4 |
_aLos recursos en el nuevo proceso penal / _cSergio A. Ortiz V. ; edición Héctor Bdo. Guzmán. |
| 250 | _a3a ed. | ||
| 260 |
_aMoca, República Dominicana : _bDalis, _c2009. |
||
| 300 |
_a400 p. ; _c22 cm. |
||
| 500 | _aIncluye referencias bibliográficas y notas al pie de las páginas | ||
| 700 | 1 |
_aGuzmán, Héctor Bdo., _eed. _971585 |
|
| 999 |
_c46144 _d46144 |
||